000 00333nam a2200133Ia 4500
008 240624s9999 xx 000 0 und d
041 _aeng
082 _a920 ISA
100 _aISAACSON WALTER
245 _aBENJAMIN FRANKLIN AN AMERICAN LIFE
260 _c2004
_aNew Delhi
_bSimon & Schuster
300 _a608 : p.
365 _cRS
_b15
999 _c18291
_d18291